| 000 | 00380cam a22001337a 4500 | ||
|---|---|---|---|
| 008 | 180718b2002 xxu||||| |||| 00| 0 eng d | ||
| 020 | _a0821351486 | ||
| 082 | _aW2 In8c | ||
| 245 | _aCities on the move: a world bank urban transport strategy review | ||
| 260 |
_aWashington, D.C. _bWorld Bank _c2002 |
||
| 300 | _a206p. | ||
| 650 | _aUrbanization | ||
| 650 | _aUrban transportation | ||
| 999 |
_c288351 _d288351 |
||